Разработка методов количественной оценки и оптимизации уровня пожаровзрывоопасности объектов народного хозяйства: промежуточный отчет о НИР; Ч. 1: Обзор методов оценки взрыво- и пожароопасности производств. Разработка методов сравнительной комплексной оценки уровня взрывоопасности пылевоздушных сред

Bibliografiska uppgifter
Institutionell upphovsman: Томский политехнический институт (ТПИ)
Övriga upphovsmän: Куцепаленко В. Ф. (исполнитель), Марасанов В. А. (руководитель)
Språk:ryska
Publicerad: Томск, Изд-во ТПИ, 1981
Ämnen:
Materialtyp: MixedMaterials Bok
KOHA link:https://koha.lib.tpu.ru/cgi-bin/koha/opac-detail.pl?biblionumber=137233

MARC

LEADER 00000nbm0a2200000 4500
001 137233
005 20231031140954.0
029 0 0 |a SU  |b 01825012890  |f ТПУ 
035 |a (RuTPU)RU\TPU\book\148726 
090 |a 137233 
100 |a 20080507d1981 k y0rusy50 ca 
101 0 |a rus 
102 |a RU 
105 |a a p 001zy 
200 1 |a Разработка методов количественной оценки и оптимизации уровня пожаровзрывоопасности объектов народного хозяйства   |e промежуточный отчет о НИР  |h Ч. 1: Обзор методов оценки взрыво- и пожароопасности производств. Разработка методов сравнительной комплексной оценки уровня взрывоопасности пылевоздушных сред  |f Томский политехнический институт (ТПИ) ; отв. исп. В. Ф. Куцепаленко ; руководитель В. А. Марасанов 
210 |a Томск  |c Изд-во ТПИ  |d 1981 
215 |a 89 л.  |c ил. 
320 |a Библиогр.: с. 81-89. 
610 1 |a пожаровзрывоопасность 
610 1 |a промышленные предприятия 
610 1 |a помещения 
610 1 |a пожароопасность 
610 1 |a самовоспламенение 
610 1 |a оценка 
610 1 |a пылевоздушные среды 
610 1 |a взрывоопасность 
610 1 |a комплексная оценка 
610 1 |a химико-фармацевтическая промышленность 
610 1 |a отчеты о НИР 
675 |a 614.841(04)  |v 3 
702 1 |a Куцепаленко  |b В. Ф.  |4 677 
702 1 |a Марасанов  |b В. А.  |4 673 
712 0 2 |a Томский политехнический институт (ТПИ)  |c (1944-1991)  |2 stltpush  |3 (RuTPU)RU\TPU\col\1123 
801 1 |a RU  |b 63413507  |c 20080507  |g PSBO 
801 2 |a RU  |b 63413507  |c 20090130  |g PSBO 
942 |c BK